Atatürk için Türkiye dışında yazılan şiirler -güldeste- (Record no. 2055)

MARC details
000 -BAŞLIK
Sabit Uzunlukta Kontrol Alanı 00767na a2200241 4500
001 - KONTROL NUMARASI
Denetim Alanı 14040
003 - KONTROL NUMARASI IDENTIFIER
Denetim Alanı MIRAKIL
005 - SON İŞLEM TARİHİ VE ZAMANI
Denetim Alanı 20181213154843.0
008 - SABİT-BOY VERİ ELEMANLARI - GENEL BİLGİLER
Sabit Uzunlukta Kontrol Alanı 160823b tu 000 0
020 ## - ULUSLARARASI STANDART KİTAP NUMARASI
Uluslararası Standart Kitap Numarası 9751714559
035 ## - SİSTEM KONTROL NUMARASI
Sistem Kontrol Numarası 14040
040 ## - KATALOGLAMA KAYNAK
Orijinal Kataloglama Ajansı Milas
Kataloglama Dili tur
Metne Dönüştürmek Ajansı TR-AnCHP
082 ## - DEWEY ONLU SINIFLANDIRMA NUMARASI
Sınıflandırma Numarası ATA 811
Ürün Numarası A72 1994
090 ## - SINIFLAMA NUMARASI
Sınıflama Numarası ATA 811 A72 1994
245 ## - BAŞLIK TABLOSU
Başlık Atatürk için Türkiye dışında yazılan şiirler -güldeste-
Sorumluluk Tablosu, Vb hazırlayan İrfan Ünver Nasrattınoğlu
260 ## - YAYIN, DAĞITIM, VB
Yayın, Dağıtım, Vb Yeri Ankara
Yayıncı, Dağıtıcı, Vs Adı Kültür Bakanlığı
Yayın, Dağıtım, Vb Tarihi 1994
300 ## - FİZİKSEL TANIM
Kapsam xiii, 246 s.
Boyutlar 20 sm.
490 ## - SERİSİ TABLOSU
Seri Beyanı Atatürk dizisi
Hacim / Ardışık Tanımı 39
490 ## - SERİSİ TABLOSU
Seri Beyanı T.C. Kültür Bakanlığı Yayınları
Hacim / Ardışık Tanımı 1665
600 ## - KONU KATMA GİRİŞ - KURUMSAL ADI
Kişisel Ad Atatürk, Mustafa Kemal
Bir Adıyla İlişkilendirilen Tarihler 1881-1938
Genel Alt Bölümü Şiir
700 ## - KATMA GİRİŞ - KİŞİSEL İSİM
Kişisel Ad Nasrattınoğlu, İrfan Ünver
942 ## - EKLENDİ GİRİŞ ELEMANLARI (KOHA)
Sınıflandırma Veya Raf Düzeni Kaynak Dewey Decimal Classification
Koha Öğesi Türü Books
999 ## - SİSTEM KONTROL NUMARALARI (KOHA)
Koha Biblionumber 2055
Koha Biblioitemnumber 2055
Holdings
Kalıcı Konum Mevcut Konum Edinme Tarihi Edinim Kaynak Toplam Check-Out'Lar Tam Çağrı Numarası Barkod Tarih Son Görülme İtibaren Geçerli Fiyatlar Koha Öğesi Türü
CHP Kütüphanesi CHP Kütüphanesi 08/23/2016 Bağış   ATA 811 A72 1994 001788 08/23/2016 08/23/2016 Books